| 000 -LEADER |
| fixed length control field |
00892nam a2200277Ia 4500 |
| 001 - CONTROL NUMBER |
| control field |
21656 |
| 003 - CONTROL NUMBER IDENTIFIER |
| control field |
GE_BSU |
| 005 - DATE AND TIME OF LATEST TRANSACTION |
| control field |
20230731152633.0 |
| 008 - FIXED-LENGTH DATA ELEMENTS--GENERAL INFORMATION |
| fixed length control field |
181216s2010||||Pl |||||||||||||| ||pol|| |
| 020 ## - INTERNATIONAL STANDARD BOOK NUMBER |
| International Standard Book Number |
9788360229248 |
| 040 ## - CATALOGING SOURCE |
| Transcribing agency |
GE_BSU |
| 041 ## - LANGUAGE CODE |
| Language code of text/sound track or separate title |
pol |
| 080 ## - UNIVERSAL DECIMAL CLASSIFICATION NUMBER |
| Universal Decimal Classification number |
811.162.1 M-24 |
| 100 ## - MAIN ENTRY--PERSONAL NAME |
| Personal name |
Malolepsza, M. |
| 9 (RLIN) |
19578 |
| 245 ## - TITLE STATEMENT |
| Title |
Hurra!!! Po Polsku : Student's Textbook Volume 1. A1 : |
| Remainder of title |
Propozycja programowa na poziom A1 / |
| Statement of responsibility, etc. |
M. Malolepsza, A. Szymkiewicz. |
| 264 ## - PRODUCTION, PUBLICATION, DISTRIBUTION, MANUFACTURE, AND COPYRIGHT NOTICE |
| Place of production, publication, distribution, manufacture |
Krakow : |
| Name of producer, publisher, distributor, manufacturer |
Prolog, |
| Date of production, publication, distribution, manufacture, or copyright notice |
2010. |
| 300 ## - PHYSICAL DESCRIPTION |
| Extent |
166 p. ; |
| Dimensions |
27 cm. |
| 520 ## - SUMMARY, ETC. |
| Summary, etc. |
დისკი აქ ახლავს |
| 653 ## - INDEX TERM--UNCONTROLLED |
| keyword |
Hurra!!! Po Polsku: Student's Textbook Volume 1 |
| 653 ## - INDEX TERM--UNCONTROLLED |
| keyword |
Propozycja programowa na poziom A1 |
| 653 ## - INDEX TERM--UNCONTROLLED |
| keyword |
Польский язык |
| 653 ## - INDEX TERM--UNCONTROLLED |
| keyword |
პოლონური ენა |
| 700 ## - ADDED ENTRY--PERSONAL NAME |
| Personal name |
Jasinska, A. |
| Relator term |
Author |
| 9 (RLIN) |
19581 |
| 942 ## - ADDED ENTRY ELEMENTS (KOHA) |
| Koha item type |
წიგნი |
| Source of classification or shelving scheme |
|